Holiday Quiz

Random Holiday or Lyrics Quiz

'It's the Most Wonderful Time of the Year' Lyrics Quiz Stats

 Plays Quiz Updated Aug 13, 2019

Score 0/113 Timer 05:00
2 Plays Today
% Correct
the
99.2%
the
99.2%
the
99.2%
the
99.2%
the
99.2%
the
99.2%
the
99.2%
the
99.2%
the
99.2%
the
99.2%
the
99.2%
the
99.2%
the
99.2%
It's
98.6%
It's
98.6%
It's
98.6%
It's
98.6%
It's
98.6%
It's
98.6%
most
98.4%
most
98.4%
most
98.4%
most
98.4%
wonderful
98.2%
wonderful
98.2%
wonderful
98.2%
wonderful
98.2%
of
98.1%
of
98.1%
of
98.1%
of
98.1%
of
98.1%
of
98.1%
of
98.1%
of
98.1%
of
98.1%
time
98.1%
time
98.1%
% Correct
time
98.1%
time
98.1%
year
97.7%
year.
97.7%
year.
97.7%
year.
97.7%
'Be
81.4%
be
81.4%
be
81.4%
be
81.4%
be
81.4%
and
76.4%
and
76.4%
and
76.4%
and
76.4%
and
76.4%
cheer.'
70.5%
good
67.6%
all.
65.8%
all.
65.8%
to
64.5%
snow.
62.3%
season
61.8%
season
61.8%
hap-happiest
61.4%
hap-happiest
61.4%
in
60.5%
you
59.4%
with
59.2%
with
59.2%
when
56%
when
56%
for
55.4%
for
55.4%
There'll
51.2%
There'll
51.2%
There'll
51.2%
everyone
48.9%
% Correct
are
48.1%
telling
47.9%
jingle
47.9%
kids
47.4%
toasting.
45.3%
belling
45.1%
out
44.9%
happy
44.6%
marshmallows
43.8%
caroling
43.4%
will
43.3%
long,
43.2%
long
43.2%
ago.
42.9%
stories,
41.8%
friends
41.5%
Christmases
40.3%
come
40.3%
call.
40.2%
tales
40.1%
ghost
39.9%
scary
39.1%
near.
38.5%
parties
37.9%
glories
37.7%
hosting,
37.3%
ones
37%
loved
37%
gay
36.7%
glowing
35.4%
mistletoe-ing
35.2%
hearts
35.1%
holiday
35%
meetings
34.1%
greetings
33%
much
32.1%
those
29.3%

You're not logged in!

Compare scores with friends on all Sporcle quizzes.
OR
Log In

Sporcle TV

Today on Sporcle TV


Watch our educational content, quiz creation guides, and fun videos on Sporcle TV.

Show Comments

Extras

Top Quizzes Today


Score Distribution

Your Account Isn't Verified!

In order to create a playlist on Sporcle, you need to verify the email address you used during registration. Go to your Sporcle Settings to finish the process.

Report this User

Report this user for behavior that violates our Community Guidelines.

Details: